| 000 | 00417pab a2200133 454500 | ||
|---|---|---|---|
| 008 | 180718b1989 xxu||||| |||| 00| 0 eng d | ||
| 100 | _aKnorringa, Peter | ||
| 245 |
_aIndustrial linkages in a growth pole _bAn analysis of the small - scale sector in Hosur |
||
| 260 | _c1989 | ||
| 300 | _a25-46 | ||
| 650 | _aIndustry, Small Scale - India - Karnataka | ||
| 773 | _aIndian Journal of Regional Science | ||
| 909 | _a10950 | ||
| 999 |
_c10950 _d10950 |
||